Quiz sur le communisme - Statistiques

Statistiques générales
  • Ce quiz a été pris 13 259 fois
  • Le résultat moyen est 10 sur 20
Statistiques - réponses
Indice Réponse % Correct
Co-auteurs du Manifeste Communiste Karl Marx
92%
Premier dirigeant de l'URSS Lénine
92%
Seul pays communiste hors d'Asie Cuba
79%
Dernier dirigeant de l'URSS Mikhaïl Gorbatchev
78%
Premier leader de la Chine communiste Mao Zedong
76%
Long conflit entre pays capitalistes et communistes durant la deuxième moitié du XXème siècle Guerre Froide
73%
Groupe de communistes ayant pris le pouvoir en Russie en 1917 Bolcheviques
67%
Classe des propriétaires, ennemis du prolétariat Bourgeoisie
52%
Citation issue de ce dernier {Prolétaires} de tous les pays, unissez-vous
52%
Co-auteurs du "Manifeste Communiste" Friedrich Engels
46%
Ville renommée "Ho Chi Minh Ville" en l'honneur du premier dirigeant de la République Démocratique du Viêt Nam Saïgon
44%
Étape transitoire d'une société lors de son passage du capitalisme au communisme réel {Dictature} du Prolétariat
43%
Ancien régime communiste au Cambodge, dirigé par Pol Pot Khmers Rouges
43%
Année durant laquelle une Commune dirigea Paris 1871
42%
Mot défini à l'origine comme la mise en commun des moyens de productions par les travailleurs {Social}isme
29%
Slogan communiste : "De chacun selon ses capacités, à chacun selon ses _______" Besoins
27%
Congrès lors duquel la Section Française de l'Internationale Communiste (futur PCF) fut créée en 1920 Congrès de {Tours}
21%
Secrétaire général du Parti Communiste Français de 1930 à 1964 Maurice Thorez
17%
Capitale asiatique dont le nom signifie littéralement "Héros Rouge" Oulan-Bator
17%
Suite de cette citation [Ils] n'ont rien à y perdre que leurs {chaînes}
13%
Aucun quiz correspondant
Distribution des résultats
% des personnes avec chaque résultat
Percentile par nombre de réponses
Votre historique - résultats
Vous n’avez pas pris ce quiz